| 000 | 00628nam a22002057a 4500 | ||
|---|---|---|---|
| 005 | 20251108174900.0 | ||
| 008 | 250721s2009 xx 000 0 ara d | ||
| 082 | 1 | 4 | _a371.334/قاس |
| 100 | 1 |
_aالقاسم، شادي محمود حسن _eمعد |
|
| 245 | 1 | 0 | _aحوسبة التعليم في الأردن / |
| 264 | 1 |
_aعمان : _bالمؤلف، _c2009. |
|
| 300 | _a271ص. | ||
| 650 | 1 | 7 | _aالتعلم |
| 650 | 1 | 7 | _aطرق التعلم |
| 650 | 1 | 7 | _aتطبيقات الحاسوب |
| 650 | 1 | 7 | _aالتعلم الآلي |
| 700 | 1 | _aمحمد، ايمان عبد الحميد | |
| 942 |
_2ddc _cBK |
||
| 999 |
_c120521 _d120521 |
||